Catálogo
 En Linea
Vista normal Vista MARC

Entrada Nombre personal

Número de registros utilizados en: 7

001 - NÚMERO DE CONTROL

  • campo de control: 2573

003 - IDENTIFICADOR DEL NÚMERO DE CONTROL

  • campo de control: BNPHU

005 - FECHA Y HORA DE LA ÚLTIMA TRANSACCIÓN

  • campo de control: 20240313173909.0

008 - DATOS DE LONGITUD FIJA

  • campo de control de longitud fija: 200615|| aca||aabn | a|a d

010 ## - NÚMERO DE CONTROL DE LA BIBLIOTECA DEL CONGRESO

  • Número de control de LC: no2006047584

040 ## - FUENTE DE LA CATALOGACIÓN

  • Centro catalogador/agencia de origen: DO-SdBNP
  • Lengua de catalogación: spa
  • Centro/agencia transcriptor: BNPHU
  • Normas de descripción: rda

100 1# - ENCABEZAMIENTO-NOMBRE DE PERSONA

  • Nombre de persona: Deschamps, Enrique,
  • Fechas asociadas al nombre: 1872-1933

370 ## - LUGAR ASOCIADO

  • Lugar de nacimiento: Santiago de los Caballeros

374 ## - OCUPACIÓN

  • Ocupación: Educador
  • Ocupación: Periodista
  • Ocupación: Escritor
  • Ocupación: Ensaysta
  • Ocupación: Diplomático

375 ## - GÉNERO/SEXO

  • Género/Sexo: Masculino

377 ## - LENGUA/LENGUAJE ASOCIADO

  • Código del idioma: spa
  • Término de lengua/lenguaje: Español

670 ## - FUENTE DE DATOS ENCONTRADOS

  • Cita de la fuente: Work cat.: (OSt)748: Deschamps, Enrique, 1872-1933, La República Dominicana :, 2003.
  • Información encontrada: . (Enrique Deschamps). pag. 4 de portada (nacido el 8 de julio de 1872 en Santiago de los Caballeros, R.D.; fallecido el 22 de mayo de 1933)

670 ## - FUENTE DE DATOS ENCONTRADOS

  • Cita de la fuente: Diccionario enciclopédico dominicano, 1988:
  • Información encontrada: v. 1, p. 152

Con tecnología Koha